00718nam a2200133 a 450000100100000000500170001000800410002704000250006808200160009324502880010926000710039730000200046850000960048800003234120200930065605.0110714s1894 dr 000 0 spa d aDO-SdBNPbspacBNPHU axxxxbM533c00aMemoria que al ciudadano presidente de la república presenta el ciudadano ministro de correos y telégrafos, acompañada de varios anexos, entre los cuales figura la memoria del ciudadano administrador general de correo i la estadística postal correspondiente al año de 1893. aSanto Domingo :bImprenta "Cuna de América" J. R. Roques,c1894. a42 p. ;c23 cm. aIncluye estadística postal de la República Dominicana correspondiente al año de 1894.